000 00689nam a2200265Ia 4500
005 20260302114117.0
008 008 260114s9999 xx 000 0 eng d
020 _a9781350383456
037 _aTextbook
040 _aCRL
040 _beng
040 _cCRL
041 _2eng
041 _aeng
084 _qCRL
100 _aAnselm Jappe
_91117786
245 4 _aThe Adventures of the Commodity For a Critique of Value
260 _bBloomsbury
260 _bBloomsbury Academic
260 _c2023
650 _aPhilosophy
856 _uhttps://doi.org/10.5040/9781350383456?locatt=label:secondary_bloomsburyCollections
942 _cEBOOK
999 _c1681375
_d1681375